|
|
|
|
| LEADER |
01685nam a2200409 i 4500 |
| 001 |
EBC6955914 |
| 003 |
MiAaPQ |
| 005 |
20221124193501.0 |
| 006 |
m o d | |
| 007 |
cr cnu|||||||| |
| 008 |
221124s2017 gw a o 000 0 eng d |
| 020 |
|
|
|z 9783837631494
|q (print)
|
| 020 |
|
|
|a 9783839431498
|q (electronic bk.)
|
| 035 |
|
|
|a (MiAaPQ)EBC6955914
|
| 035 |
|
|
|a (Au-PeEL)EBL6955914
|
| 035 |
|
|
|a (OCoLC)1011461726
|
| 040 |
|
|
|a MiAaPQ
|b eng
|e rda
|e pn
|c MiAaPQ
|d MiAaPQ
|
| 050 |
|
4 |
|a JC328.3
|b .R475 2017
|
| 082 |
0 |
|
|a 303.61
|2 23
|
| 245 |
0 |
0 |
|a Resistance :
|b subjects, representations, contexts /
|c edited by Martin Butler, Paul Mecheril, and Lea Brenningmeyer.
|
| 264 |
|
1 |
|a Bielefeld, Germany :
|b Transcript Verlag,
|c [2017]
|
| 264 |
|
4 |
|c Ã2017
|
| 300 |
|
|
|a 1 online resource (197 pages) :
|b illustrations
|
| 336 |
|
|
|a text
|b txt
|2 rdacontent
|
| 337 |
|
|
|a computer
|b c
|2 rdamedia
|
| 338 |
|
|
|a online resource
|b cr
|2 rdacarrier
|
| 588 |
|
|
|a Description based on print version record.
|
| 590 |
|
|
|a Electronic reproduction. Ann Arbor, MI : ProQuest, 2018. Available via World Wide Web. Access may be limited to ProQuest affiliated libraries.
|
| 650 |
|
0 |
|a Anthropology.
|
| 650 |
|
0 |
|a Government, Resistance to.
|
| 655 |
|
4 |
|a Electronic books.
|
| 700 |
1 |
|
|a Mecheril, Paul,
|d 1962-
|e editor.
|
| 700 |
1 |
|
|a Butler, Martin,
|d 1956-
|e editor.
|
| 700 |
1 |
|
|a Brenningmeyer, Lea,
|e editor.
|
| 776 |
0 |
8 |
|i Print version:
|t Resistance : subjects, representations, contexts.
|d Bielefeld, Germany : Transcript Verlag, c2017
|h 197 pages
|z 9783837631494
|
| 797 |
2 |
|
|a ProQuest (Firm)
|
| 856 |
4 |
0 |
|u https://ebookcentral.proquest.com/lib/matrademy/detail.action?docID=6955914
|z Click to View
|